Представление документа в формате MARC21

Поле Инд. ПП Название Значение
Тип записи a
Библиографический уровень m
001 Контрольный номер RU/IS/BASE/198067635
005 Дата корректировки 20220713145748.7
040 b Код языка каталог. rus
041 0_ a Код языка текста rus
080 a Индекс УДК 004.42
084 a Индекс другой классификации/Индекс ББК 32.973
090 a Полочн. индекс 681.3
x Авторский знак А44
097 b Оператор 11
100 1_ a Автор Акушский И. Я.
245 10 a Заглавие Программирование на "Электронике-100" для задач АСУ ТП
260 a Место издания М.
b Издательство Советское радио
c Дата издания 1978
300 a Объем 295 с.
b Иллюстрации/ тип воспроизводства ил.
510 0_ a Примечание о ссылках Книги и методические пособия
650 04 a Основная рубрика 50.05 Теоретические основы программирования
x Основная подрубрика 50.05.13 Технология программирования. Автоматизация программирования
653 0_ a Ключевые слова программирование; автоматические системы управления
700 12 a Другие авторы Трояновский В. М.
901 t Тип документа m